| 000 | 00427nam a22001697a 4500 | ||
|---|---|---|---|
| 999 |
_c4338 _d4337 |
||
| 005 | 20210807141031.0 | ||
| 008 | 160627b xxu||||| |||| 00| 0 eng d | ||
| 020 | _a81-7929-206-1 | ||
| 041 | _aeng | ||
| 082 |
_b10686 _a658.311 |
||
| 100 |
_aDevendra, John Van and others _93000 |
||
| 245 | _aSUCCESS IN INTERVIEWS:how to get the job | ||
| 260 | _bInfinity Books | ||
| 300 | _a113 | ||
| 650 |
_aManagement _9241 |
||
| 942 | _cBK | ||